Gopal Krishna Gokhale, a centenary tribute. (Record no. 75234)

MARC details
000 -LEADER
fixed length control field 00753cam a22002411 4500
001 - CONTROL NUMBER
control field sa 67005501
003 - CONTROL NUMBER IDENTIFIER
control field DLC
005 - DATE AND TIME OF LATEST TRANSACTION
control field 20260227112357.0
008 - FIXED-LENGTH DATA ELEMENTS--GENERAL INFORMATION
fixed length control field 860228s1966 ii ach b 000 0 eng
010 ## - LIBRARY OF CONGRESS CONTROL NUMBER
LC control number sa 67005501
025 ## - OVERSEAS ACQUISITION NUMBER
Overseas acquisition number PL480:I-E-7838
035 ## - SYSTEM CONTROL NUMBER
System control number (OCoLC)13211393
040 ## - CATALOGING SOURCE
Original cataloging agency DLC
Transcribing agency CLU
Modifying agency DLC
042 ## - AUTHENTICATION CODE
Authentication code premarc
050 00 - LIBRARY OF CONGRESS CALL NUMBER
Classification number DS479.1.G6
Item number G65
082 ## - DEWEY DECIMAL CLASSIFICATION NUMBER
Classification number 954.03/5/0924
245 00 - TITLE STATEMENT
Title Gopal Krishna Gokhale, a centenary tribute.
Statement of responsibility, etc. Foreword by S. Radhakrishnan.
260 ## - PUBLICATION, DISTRIBUTION, ETC.
Place of publication, distribution, etc. [New Delhi]
Name of publisher, distributor, etc. Maharashtra Information Centre
Date of publication, distribution, etc. [1966]
300 ## - PHYSICAL DESCRIPTION
Extent vii, 192 p.
Other physical details illus., ports., facsims.
Dimensions 31 cm.
504 ## - BIBLIOGRAPHY, ETC. NOTE
Bibliography, etc. note "Sources of contributions": p. 178.
504 ## - BIBLIOGRAPHY, ETC. NOTE
Bibliography, etc. note Bibliography: p. 187-192.
600 10 - SUBJECT ADDED ENTRY--PERSONAL NAME
Personal name Gokhale, Gopal Krishna,
Dates associated with a name 1866-1915.

No items available.

Powered by Koha